|
|
|
|
| LEADER |
01007cam a2200265 7i4500 |
| 001 |
0000090150 |
| 005 |
20251216090000.0 |
| 020 |
|
|
|a 9780124166325 (electronic book)
|
| 090 |
0 |
0 |
|a QA76.9.D343
|b N572 2018
|
| 100 |
1 |
|
|a Nisbet, Robert
|
| 245 |
1 |
0 |
|a Handbook of statistical analysis and data mining applications
|c Robert Nisbet, Gary Miner, Ken Yale.
|
| 250 |
|
|
|a Second edition.
|
| 264 |
|
|
|a London:
|b Academic Press,
|c 2018.
|
| 300 |
|
|
|a 1 online resource (795 pages):
|b colour illustrations, text file, PDF.
|
| 336 |
|
|
|a text
|2 rdacontent
|
| 337 |
|
|
|a computer
|2 rdamedia
|
| 338 |
|
|
|a online resource
|2 rdacarrier
|
| 650 |
|
0 |
|a Data mining --
|x Statistical methods
|
| 655 |
|
0 |
|a Electronic books
|
| 700 |
1 |
|
|a Miner, Gary
|
| 700 |
1 |
|
|a Yale, Ken
|
| 856 |
4 |
2 |
|u http://library.unisel.edu.my/web/guest/mylibrary
|
| 997 |
|
|
|a Communication, Visual Art & Computing, Faculty
|b Computing, Department
|
| 998 |
|
|
|a Mathematics with Statistics, Degree
|
| 999 |
|
|
|a EBO0026556
|b EBOOK
|c EBOOK
|e Electronic resources
|